MARC

LEADER 00000nam0a2200000 4500
001 47664
005 20231031030348.0
010 |a 5934551302 
035 |a (RuTPU)RU\TPU\book\49780 
090 |a 47664 
100 |a 20030219d2002 m y0rusy50 ca 
101 0 |a rus 
102 |a RU 
105 |a y z 001zy 
200 1 |a Пакет приложений Microsoft Office XP для операционной системы Microsoft Windows XP  |f С. И. Ветров 
210 |a Москва  |c Солон-Р  |d 2002 
215 |a 544 с. 
225 1 |a Полное руководство пользователя 
320 |a Словарь терминов: с. 529-540 
320 |a Список использованных материалов: с. 540-541 
610 1 |a информатика 
610 1 |a операционные системы 
610 1 |a пакет приложений 
610 1 |a текстовые процессоры 
610 1 |a Windows XP 
610 1 |a Microsoft Office XP 
610 1 |a Word 2002 
610 1 |a Outlook 2002 
610 1 |a FrontPage 2002 
610 1 |a PowerPoint 2002 
610 1 |a Publisher 2002 
610 1 |a Microsoft Visio 
610 1 |a Access 
610 1 |a Office XP 
610 1 |a Microsoft Project 
675 |a 681.3.066  |v 3 
700 1 |a Ветров  |b С. И.  |g Станислав Игоревич 
801 1 |a RU  |b 63413507  |c 20030219  |g PSBO 
801 2 |a RU  |b 63413507  |c 20030311  |g PSBO 
942 |c BK